000 01305nam a22002177a 4500
999 _c18935
_d18935
005 20251125232911.0
008 s2545 th tha d
040 _aNALT
041 _atha
100 0 _aสมสมร นาคนาค
245 1 0 _aรวมกฎหมายที่เกี่ยวข้องกับการป้องกันอุบัติภัย เล่มที่ 1 : กฎหมายที่เกี่ยวข้องกับการป้องกันอุบัติภัยในการจราจรทางบก
260 3 _aกรุงเทพฯ :
_bส่วนพัฒนาสารสนเทศ หอสมุดรัฐสภา,
_c2545
300 _a286 หน้า ;
_b 29 ซม.
650 0 4 _aอุบัติภัยในการจราจรทางบก -- กฎหมายและระเบียบข้อบังคับ
650 0 4 _aอุบัติเหตุทางถนน -- กฎหมายและระเบียบข้อบังคับ
850 _aNALT
856 4 0 _uhttps://hdl.handle.net/20.500.14156/449341
942 _cLB
_2lcc
998 _j25
_k นีลวัสน์ อินทรักษา
090 _aKN12 ส286ร 2545 ล.1